000 02561nam a2200349 4500
003 EC-UNACH
005 20260410164214.0
006 s||||gr|||| 00| 00
008 150116t9999 mx r gr 000 0 spa d
020 _a978-9942-584-19-9
040 _aEC-UNACH
_cEC-UNACH
041 _aspa
082 0 4 _223
_a370
_bL018626
100 _aFlores Bracero, Oscar / Vera Ponce, Myllere / Herrera, Stan
245 _aPoéticas e intertextos en la literatura hispanoamericana
250 _aPrimera edición
264 _aRiobamba - Ecuador
_bUniversidad Nacional de Chimborazo
_c2025
264 _aProducción - UNACH
300 _a156 páginas
501 _aEl libro Poéticas e intertextos en la literatura hispanoamericana explora, desde un enfoque hermenéutico, las relaciones temáticas que se erigen como auténticas poéticas en la producción teatral de Federico García Lorca, así como en la poesía del argentino Juan Gelman. En el capítulo 1 se ejecuta un análisis del nacimiento y evolución del concepto de intertextualidad en la teoría literaria contemporánea. Por su parte, el capítulo 2 explora las representaciones del tema de la infertilidad en Yerma (1934), de Federico García Lorca, donde no solo constituye un entramado simbólico en función de la crítica a los roles de género, sino una auténtica poética que se nutre de los márgenes. En tanto, el capítulo 3 valora la representación del tema thanático en Traducciones III. Los poemas de Sidney West (1969) de Juan Gelman. El texto, sustentado en una sólida revisión documental y en aparatajes analíticos y categoriales de la teoría literaria del siglo XX, propone nuevas miradas y enfoques a obras, que, si bien forman parte del canon literario hispanoamericano, resultan francamente inexploradas por la academia ecuatoriana.
505 _aCapítulo1. Intertuxtualidad: Historia de un concepto -- Capítulo 2. Representaciones del tema de la infertilidad en yerma de Federico García Lorca -- Capítulo 3. El tratamiento del tema de la muerte en los poemas de Sidney West de Juan Gelman -- Consideraciones finales.
650 _aPoesía
650 _aTeatro
650 _aAnálisis literario
650 _aDiscurso
650 _aLiteratura
856 _uhttps://editorial.unach.edu.ec/index.php/Editorial/catalog/book/284
_yLibro Digital - Poética e intertextos en la literatura hispanoamericana
942 _2ddc
_cEBOOK
999 _c14489